00649nam a22002171i 4500001001500000003000900015005001700024008004100041020002800082040002800110041000800138082001900146100002100165245010000186250001000286260004000296300001800336490003100354650002600385700002000411bimo0000989748CO-ViMGA20230915225025.0920725s1979 sp spa  a9789588573014c150 pts. aCO-ViMGAbspacCO-ViMGA1 hger04aMEVIECARbH28t1 aHessen, Johannes10aTeoria del conocimientohTexto impresocpor J. Hessen ; traduccin̤ del alemaǹ por Jos Ǧaos a1 ed. aBogotá D.CbLibros Hidalgo c2009 a149 p.c18 cm0 aColeccin̤ Australvn. 10717aEpistemologa̕2embne1 aGaos, Josd2009